000 00552nam a2200181Ia 4500
003 LK-CoDNM
008 010623t2007 xxu||||| |||| 00| 1 sin d
040 _aLK-CoDNM
_dLK-CoDNM
_eLK-CoDNM
041 _asin
080 _a659.9
_bPER
100 _aPerera, Sunil Sarath
245 _aවිද්‍යුත් මාධ්‍යෝපදේශ විග්‍ර‍හය
246 _aElectronic Media:Guidelines Analysis
260 _bSarasavi prakashakayo
_aNugegoda
_c2007
300 _b160, 22.5 cm
650 _aCommunication
942 _cBK
999 _c127082
_d127082